Normal view
MARC view
- Sahoo, Mahi
Entry Personal Name
001 - CONTROL NUMBER
- control field: 38206
003 - CONTROL NUMBER IDENTIFIER
- control field: OSt
005 - DATE AND TIME OF LATEST TRANSACTION
- control field: 20150705101758.0
008 - FIXED-LENGTH DATA ELEMENTS
- fixed length control field: 150705|| aca||aabn | a|a d
040 ## - CATALOGING SOURCE
- Original cataloging agency: OSt
100 10 - HEADING--PERSONAL NAME
- Personal name: Sahoo, Mahi
400 10 - SEE FROM TRACING--PERSONAL NAME
- Personal name: Sahoo, M.
- Fuller form of name: (Mahi)